00614cam a22001931 450000100100000000500170001000800410002704000250006808200160009310000320010924500660014125000120020726000430021930000210026249000400028383000470032391000330037099900170040300001980020200929170138.0751009s1968 sp 000 1 spa c aDO-SdBNPbspacBNPHU axxxxbL185s1 aLaiglesia, Alvaro de,9686610aSólo se mueren los tontos :bnovela /cAlvaro de Laiglesia. a11a ed. aBarcelona, España :bPlaneta,c1968. a394 p. ;c20 cm.1 aAutores Españoles Contemporanceos 0aAutores Españoles Contemporanceos942278 aCatalogación derivada / LC c19313d19313